02672nam a2200313 i 4500003000900000005001700009007000300026008004100029020001800070040003000088041000800118082001900126100005500145245005500200264008000255300003600335336002700371337003400398338002800432500005100460520137600511590002701887650007301914942001401987952011002001952011502111952011502226999001702341DO-SdBNP20260515120122.0ta260515e2025 dr ||||gr|||||||| |bspa d a9789945944693 aDO-SdBNPbspacBNPHUerda aspa bG216p 2025222 aGarcía Álvarez, Clariel, d1975-989593eautor aPoemas con historia /cClariel García Álvarez. aSanto Domingo, República Dominicana : bEditora Poetas De La Era, c2025. a183 páginas ; c23 x 15.5 cm. atextobtxt2rdacontent asin mediación bn2rdamedia avolumenbnc2rdacarrier aIncluye biografía de la autora en la solapa. aEste libro sirve de lienzo a historias contadas con rima y matizadas de sentimientos. Las palabras se conservan tal como nacieron, el espíritu de su contenido no es pretencioso ni fastuoso. La autora no utiliza un lenguaje rebuscado ni complejos recursos literarios, sino que cada página refleja un fragmento de una historia tan usual como la vida misma, anécdotas que te envuelven entre versos, consonancia de palabras que hablan de algo o alguien, que aunque el lector no conozca se sentirá parte de ello. La autora juega con el tiempo, entremezcla pasado y presente, impregna de un sentimiento tal cada verso, que puede lograr trasladarnos al instante justo de lo que reseña, sus rimas ponen en contexto al lector de cada suceso, pueden sacar tantas lágrimas como carcajadas, y nos pasean por etapas de la vida que todos en algún momento pasamos, incluso podrían hacernos evocar nuestra propia existencia. Algunos poemas invitan a la reflexión, convidan al lector a sumergirse en su interior y valorar su realidad, sufrir sus pérdidas, valorar su entorno, apreciar sus circunstancias. En general, en estas páginas la poesía florece sin alardes, pero con colores pasteles que permiten conservar el sosiego mientras leemos. El libro nos regala una lectura grata y atrayente, que transcurre entre la jovialidad, la sensibilidad y los sentimientos. aInventariado, 2026/WG. 0aPoesía moderna y contemporánea 989594y(desde 1900 en adelante) 2ddccLBS1 00102ddc51708PDaBNPHUbBNPHUcCTd2026-05-15l0oG216p 2025p2026-4139r2026-05-15w2026-05-15yLBS1 00102ddc51708PDaBNPHUbBNPHUcCTd2026-05-15l0oG216p 2025p2026-4140r2026-05-15te.2w2026-05-15yLBS1 00102ddc51708PDaBNPHUbBNPHUcCTd2026-05-15l0oG216p 2025p2026-4141r2026-05-15te.3w2026-05-15yLBS1 c60757d60757